Špecifikácia a druhy sociálnej práce
Druhy sociálnej práce (členenie praktickej sociálnej práce z aspektu cieľového zamerania a etapy sociálnej práce). Preventívna sociálna práca. Kuratívna sociálna práca. Etapy jednotlivých druhov sociálnej práce. Formy sociálnej práce - individuálna, skupinová a komunitná sociálna práca.
Uložené v:
| Hlavný autor: | |
|---|---|
| Médium: | Kapitola |
| Jazyk: | Slovak |
| Predmet: | |
| Tagy: |
Žiadne tagy, Buďte prvý, kto otaguje tento záznam!
|
MARC
| LEADER | 00000naa a2200000 4500 | ||
|---|---|---|---|
| 001 | r047901 | ||
| 005 | 20230807082154.0 | ||
| 041 | 0 | |a slo | |
| 044 | |a SK | ||
| 245 | 1 | 0 | |a Špecifikácia a druhy sociálnej práce |c Anna Žilová |
| 520 | |a Druhy sociálnej práce (členenie praktickej sociálnej práce z aspektu cieľového zamerania a etapy sociálnej práce). Preventívna sociálna práca. Kuratívna sociálna práca. Etapy jednotlivých druhov sociálnej práce. Formy sociálnej práce - individuálna, skupinová a komunitná sociálna práca. | ||
| 610 | 2 | 0 | |a práca sociálna |
| 610 | 2 | 0 | |a špecializácia |
| 610 | 2 | 0 | |a prevencia |
| 610 | 2 | 0 | |a rehabilitácia |
| 610 | 2 | 0 | |a poradenstvo |
| 610 | 2 | 0 | |a terapeutika |
| 610 | 2 | 0 | |a práca individuálna |
| 610 | 2 | 0 | |a práca tímová |
| 100 | 1 | |a Žilová, Anna | |